[Event "4NCL/Div4/JUTK vs. CONQ1"]
[Site "Sunningdale ENG"]
[Date "2007.05.28"]
[Round "11.4"]
[White "Ynojosa, Felix J"]
[Black "Harakis, Alexis"]
[Result "0-1"]
[WhiteElo "2100"]
[BlackElo "2179"]
[PlyCount "124"]
[EventDate "2007.05.28"]
[EventType "team"]
[EventRounds "11"]
[EventCountry "ENG"]
[WhiteTeam "Conquistadors 1"]
[BlackTeam "Jutes of Kent"]

1. e4 e6 2. d4 d5 3. Nc3 Nc6 4. e5 f6 5. Bd3 Qe7 6. Nb5 f5 7. Nf3 a6 8. Nc3 Bd7
9. a3 g6 10. b4 Na7 11. Qe2 Nh6 12. Rb1 Nf7 13. b5 axb5 14. Bxb5 b6 15. O-O
Nxb5 16. Nxb5 Bxb5 17. Qxb5+ Qd7 18. Qd3 Be7 19. h4 O-O 20. Ng5 Bxg5 21. hxg5
Qa4 22. f4 Nd8 23. Rb4 Qa6 24. Qc3 Qb7 25. Rf3 Nc6 26. Rb1 Ra4 27. Rd3 Rfa8 28.
Be3 R8a7 29. Rb3 Qa8 30. g3 Na5 31. Rb4 Nc4 32. Rxa4 Rxa4 33. Bc1 Qa5 34. Qxa5
Nxa5 35. Kf2 Rc4 36. Rd2 h5 37. Bb2 Ra4 38. Rd3 Rc4 39. Rc3 Kf7 40. Ke2 Ke8 41.
Kd3 Kd7 42. Rxc4 Nxc4 43. Bc1 Kc6 44. Kc3 Kb5 45. Kb3 Na5+ 46. Kc3 Ka4 47. Kd2
Nc4+ 48. Kd3 b5 49. Kc3 Nxa3 50. Be3 b4+ 51. Kd3 b3 52. cxb3+ Kxb3 53. Bd2 Nc2
54. Ba5 Nb4+ 55. Ke3 c6 56. Bb6 Kc4 57. Kd2 Nd3 58. Ba7 Nf2 59. Ke2 Ne4 60. Kf3
Kd3 61. Bb6 Nd2+ 62. Kg2 Nb3 0-1

[Event "4NCL/Div4/JUTK vs. CONQ1"]
[Site "Sunningdale ENG"]
[Date "2007.05.28"]
[Round "11.5"]
[White "Rich, Mark"]
[Black "Archer-Lock, Christopher"]
[Result "1/2-1/2"]
[WhiteElo "2189"]
[BlackElo "2065"]
[PlyCount "86"]
[EventDate "2007.05.28"]
[EventType "team"]
[EventRounds "11"]
[EventCountry "ENG"]
[WhiteTeam "Jutes of Kent"]
[BlackTeam "Conquistadors 1"]

1. e4 e6 2. Qe2 Be7 3. f4 d5 4. d3 c5 5. Nf3 Nc6 6. c3 Nf6 7. g3 c4 8. e5 cxd3
9. Qxd3 Ne4 10. Be3 f5 11. exf6 Bxf6 12. Bg2 O-O 13. O-O b6 14. Na3 Qe7 15.
Rfe1 Nxc3 16. Nd4 Nxd4 17. Bxd4 Ne4 18. Bxe4 {=} dxe4 19. Bxf6 Rxf6 20. Qd4 Bb7
21. Rad1 Bd5 22. Nb5 Bxa2 23. Nc3 Bb3 24. Rd2 Qc5 25. Qxc5 bxc5 26. Nxe4 Rf5
27. Rc1 c4 28. Rd7 Rd5 29. Re7 Rad8 30. Rxa7 Rd1+ 31. Rxd1 Rxd1+ 32. Kf2 Rb1
33. Ng5 Rxb2+ 34. Ke3 g6 35. Ra8+ Kg7 36. Nxe6+ Kf6 37. Ng5 Rxh2 38. Rf8+ Ke7
39. Rf7+ Kd6 40. Rxh7 Rxh7 41. Nxh7 Ke6 42. g4 Bd1 43. Kd4 Bxg4 1/2-1/2

[Event "4NCL/Div4/JUTK vs. CONQ1"]
[Site "Sunningdale ENG"]
[Date "2007.05.28"]
[Round "11.6"]
[White "Foster, James C"]
[Black "Donovan, Nigel"]
[Result "0-1"]
[WhiteElo "1950"]
[BlackElo "2108"]
[PlyCount "64"]
[EventDate "2007.05.28"]
[EventType "team"]
[EventRounds "11"]
[EventCountry "ENG"]
[WhiteTeam "Conquistadors 1"]
[BlackTeam "Jutes of Kent"]

1. e4 c5 2. c3 Nf6 3. e5 Nd5 4. d4 cxd4 5. Nf3 e6 6. cxd4 b6 7. Nc3 Nxc3 8.
bxc3 Qc7 9. Qb3 Bb7 10. Be2 d6 11. Bf4 Nd7 12. exd6 Bxd6 13. Bxd6 Qxd6 14. O-O
O-O 15. Rfd1 {=} Rac8 16. Rac1 Rc7 17. c4 Rfc8 18. Rc3 Qf4 19. Qb2 h6 20. d5
Bxd5 21. Rd4 Qf6 22. Qd2 Bxf3 23. Rxf3 Qe7 24. g4 Ne5 25. Rg3 Nxc4 26. Bxc4
Rxc4 27. Rd7 Qc5 28. Rxa7 Rc1+ 29. Kg2 Qc4 30. Qd7 Qf1+ 31. Kf3 R1c3+ 32. Ke4
R8c4+ 0-1

[Event "4NCL/Div4/PAND vs. CAMB2"]
[Site "Sunningdale ENG"]
[Date "2007.05.28"]
[Round "11.1"]
[White "Emms, John M"]
[Black "Pickard, Charles"]
[Result "1-0"]
[WhiteElo "2499"]
[BlackElo "2160"]
[PlyCount "55"]
[EventDate "2007.05.28"]
[EventType "team"]
[EventRounds "11"]
[EventCountry "ENG"]
[WhiteTeam "Pandoras Box"]
[BlackTeam "Cambridge Uni 2 "]

1. e4 c5 2. Nf3 e6 3. c3 d5 4. exd5 exd5 5. d4 Nc6 6. Bb5 Bd6 7. O-O Nge7 8.
dxc5 Bxc5 9. Nbd2 O-O 10. Nb3 Bd6 11. Bd3 Ng6 12. Bg5 Nce7 13. Re1 h6 14. Bxe7
Nxe7 15. Nbd4 Bd7 16. Ne5 Bxe5 17. Rxe5 Re8 18. Qd2 Bc6 19. Rae1 Qd6 20. Qe3
Kf8 21. Qf4 Bd7 22. g3 Qb6 23. Ne6+ Bxe6 24. Rxe6 Qc5 25. Rxh6 d4 26. b4 Qd5
27. Bc4 Ng6 28. Rh8+ 1-0

[Event "4NCL/Div4/PAND vs. CAMB2"]
[Site "Sunningdale ENG"]
[Date "2007.05.28"]
[Round "11.2"]
[White "Churm, Rohan M"]
[Black "Mannion, Stephen R"]
[Result "0-1"]
[WhiteElo "2185"]
[BlackElo "2337"]
[PlyCount "84"]
[EventDate "2007.05.28"]
[EventType "team"]
[EventRounds "11"]
[EventCountry "ENG"]
[WhiteTeam "Cambridge Uni 2 "]
[BlackTeam "Pandoras Box"]

1. e4 e5 2. Nf3 Nc6 3. Bb5 a6 4. Ba4 Nf6 5. O-O Be7 6. Re1 b5 7. Bb3 d6 8. c3
O-O 9. h3 Na5 10. Bc2 c5 11. d4 Nd7 12. Nbd2 cxd4 13. cxd4 Nc6 14. Nf1 exd4 15.
Nxd4 Nxd4 16. Qxd4 Ne5 17. Ne3 Bxh3 18. Nd5 Rc8 19. Qd1 Bg4 20. f3 Be6 21.
Nxe7+ Qxe7 22. b3 Rc6 23. Ba3 Rfc8 24. Bd3 Qg5 25. Qe2 Ng6 26. Qf1 Nf4 27. Bc1
Rxc1 28. Raxc1 Rxc1 29. Rxc1 Nxd3 30. Rc6 Nb4 31. f4 Qd8 32. Rc3 Nxa2 33. Rg3
f6 34. Qa1 Nb4 35. Qc3 a5 36. e5 dxe5 37. fxe5 f5 38. Qc5 Qd7 39. Qb6 h6 40.
Qxa5 Qd4+ 41. Kh2 f4 42. Rg6 Kf7 0-1

[Event "4NCL/Div4/PAND vs. CAMB2"]
[Site "Sunningdale ENG"]
[Date "2007.05.28"]
[Round "11.3"]
[White "Djipa, Neven"]
[Black "Cooley, Oliver"]
[Result "0-1"]
[WhiteElo "2275"]
[BlackElo "2090"]
[PlyCount "34"]
[EventDate "2007.05.28"]
[EventType "team"]
[EventRounds "11"]
[EventCountry "ENG"]
[WhiteTeam "Pandoras Box"]
[BlackTeam "Cambridge Uni 2 "]

1. Nf3 Nf6 2. d4 g6 3. Bf4 Bg7 4. e3 O-O 5. Be2 c5 6. Nbd2 d6 7. h3 Nc6 8. c3
Re8 9. O-O e5 10. Bh2 cxd4 11. exd4 exd4 12. Nxd4 Nxd4 13. cxd4 Ne4 14. Nc4 b5
15. Nd2 Qb6 16. Nf3 Bb7 17. Qb3 Nd2 0-1

[Event "4NCL/Div4/PAND vs. CAMB2"]
[Site "Sunningdale ENG"]
[Date "2007.05.28"]
[Round "11.4"]
[White "Campbell, Mark"]
[Black "Taylor, Robert M"]
[Result "1/2-1/2"]
[WhiteElo "1975"]
[BlackElo "2215"]
[PlyCount "81"]
[EventDate "2007.05.28"]
[EventType "team"]
[EventRounds "11"]
[EventCountry "ENG"]
[WhiteTeam "Cambridge Uni 2 "]
[BlackTeam "Pandoras Box"]

1. e4 c6 2. d4 d5 3. e5 Bf5 4. Nf3 e6 5. Be2 Nd7 6. O-O Ne7 7. c3 h6 8. Be3 Qb6
9. b4 Qc7 10. Nbd2 g5 11. Qb3 Ng6 12. Rfc1 Be7 13. c4 Qd8 14. b5 O-O 15. a4 f6
16. exf6 Bxf6 17. cxd5 cxd5 18. Rc3 Be7 19. Rac1 Bd6 20. Bd3 Bxd3 21. Rxd3 Qf6
22. Nf1 Nf4 23. Rd2 Nxg2 24. Bxg5 hxg5 25. Kxg2 g4 26. Ng1 Bf4 27. Ne3 Qh4 28.
Qd3 Qxh2+ 29. Kf1 Qh7 30. Qxh7+ Kxh7 31. Kg2 Nf6 32. Rdc2 Ne4 33. Re1 g3 34. f3
Ng5 35. Nh3 Nxh3 36. Kxh3 Bd6 37. Kg2 Kg7 38. Ng4 Rae8 39. Rce2 Bb4 40. Rh1 Bd6
41. Rh6 1/2-1/2

[Event "4NCL/Div4/PAND vs. CAMB2"]
[Site "Sunningdale ENG"]
[Date "2007.05.28"]
[Round "11.5"]
[White "Payne, Nick"]
[Black "Gooding, Ian"]
[Result "1/2-1/2"]
[WhiteElo "2054"]
[BlackElo "1994"]
[PlyCount "65"]
[EventDate "2007.05.28"]
[EventType "team"]
[EventRounds "11"]
[EventCountry "ENG"]
[WhiteTeam "Pandoras Box"]
[BlackTeam "Cambridge Uni 2 "]

1. e4 e6 2. d4 d5 3. Nd2 Nf6 4. e5 Nfd7 5. Bd3 c5 6. c3 Nc6 7. Ndf3 cxd4 8.
cxd4 f6 9. exf6 Qxf6 10. Ne2 h6 11. O-O Bd6 12. Ng3 Nf8 13. Qb3 Bd7 14. Qxb7
Rb8 15. Qa6 Rb6 16. Qa4 Nb4 17. Qxa7 Qd8 18. Be2 Nc2 19. Rb1 Na3 20. Bg5 hxg5
21. bxa3 Rxb1 22. Rxb1 g4 23. Ne5 Bxe5 24. dxe5 Qh4 25. Rb8+ Kf7 26. Bb5 Qxh2+
27. Kf1 Qh6 28. Ke2 Qc1 29. Bd3 Qa1 30. Rxf8+ Kxf8 31. Qxd7 Qxe5+ 32. Kd2 Qb2+
33. Bc2 1/2-1/2

[Event "4NCL/Div4/PAND vs. CAMB2"]
[Site "Sunningdale ENG"]
[Date "2007.05.28"]
[Round "11.6"]
[White "Spencer, Carl"]
[Black "Birtwhistle, Nigel"]
[Result "1-0"]
[WhiteElo "2030"]
[BlackElo "2105"]
[PlyCount "61"]
[EventDate "2007.05.28"]
[EventType "team"]
[EventRounds "11"]
[EventCountry "ENG"]
[WhiteTeam "Cambridge Uni 2 "]
[BlackTeam "Pandoras Box"]

1. e4 g6 2. d4 Bg7 3. Nc3 d6 4. Nf3 a6 5. Be2 Nd7 6. O-O b5 7. a4 b4 8. Nd5 a5
9. Bg5 h6 10. Bh4 g5 11. Bg3 e6 12. Ne3 Ne7 13. h4 Ng6 14. c3 bxc3 15. bxc3 Bb7
16. Bd3 Nf6 17. d5 Nf4 18. Bb5+ Kf8 19. dxe6 fxe6 20. hxg5 hxg5 21. Nxg5 Nxe4
22. Nxe4 Bxe4 23. Bxf4 Qh4 24. f3 Bg6 25. Ng4 Bxc3 26. Rc1 Bb4 27. Rxc7 Bc5+
28. Rxc5 dxc5 29. Qd6+ Qe7 30. Qe5 Rh5 31. Bh6+ 1-0

[Event "4NCL/Div4/ANGA vs. NOTT1"]
[Site "Sunningdale ENG"]
[Date "2007.05.28"]
[Round "11.1"]
[White "Player, Edmund C"]
[Black "Richmond, Robert J"]
[Result "0-1"]
[WhiteElo "2150"]
[BlackElo "2229"]
[PlyCount "104"]
[EventDate "2007.05.28"]
[EventType "team"]
[EventRounds "11"]
[EventCountry "ENG"]
[WhiteTeam "Ang Avengers"]
[BlackTeam "Notts 1"]

1. e4 e6 2. d4 d5 3. Nd2 Nf6 4. e5 Nfd7 5. c3 c5 6. Bd3 Nc6 7. Ne2 cxd4 8. cxd4
f6 9. exf6 Nxf6 10. Nf3 Bd6 11. O-O O-O 12. Nc3 a6 13. Bg5 Qc7 14. Bh4 Bd7 15.
Re1 Rae8 16. Rc1 Qb8 17. Ne2 e5 18. dxe5 Nxe5 19. Nxe5 Bxe5 20. Bg3 Bxg3 21.
Nxg3 Qf4 22. Rxe8 Rxe8 23. Rc2 g6 24. h3 Re6 25. Re2 Rxe2 26. Qxe2 Kf7 27. Nf1
Bc6 28. Nd2 Ne4 29. Nxe4 dxe4 30. Bc4+ Kg7 31. Qe3 Qe5 32. Qc3 Kf6 33. Kf1 Qxc3
34. bxc3 b5 35. Bg8 h6 36. Ke2 Ke5 37. a3 Bd5 38. Bxd5 Kxd5 39. Kd2 Kc4 40. Kc2
g5 41. g3 h5 42. Kd2 Kb3 43. Ke3 Kxc3 44. Kxe4 a5 45. Kf5 b4 46. axb4 axb4 47.
Kxg5 b3 48. Kxh5 b2 49. f4 b1=Q 50. Kg5 Qh7 51. f5 Kd4 52. f6 Ke5 0-1

[Event "4NCL/Div4/ANGA vs. NOTT1"]
[Site "Sunningdale ENG"]
[Date "2007.05.28"]
[Round "11.2"]
[White "Mercs, Peter J"]
[Black "Talsma, Paul A"]
[Result "1/2-1/2"]
[WhiteElo "2078"]
[BlackElo "2180"]
[PlyCount "133"]
[EventDate "2007.05.28"]
[EventType "team"]
[EventRounds "11"]
[EventCountry "ENG"]
[WhiteTeam "Notts 1"]
[BlackTeam "Ang Avengers"]

1. e4 e5 2. Bc4 Nf6 3. d4 exd4 4. Nf3 Nc6 5. e5 Ng4 6. Bf4 d6 7. Bb5 dxe5 8.
Nxe5 Ngxe5 9. Bxe5 Qd5 10. Bxc6+ Qxc6 11. O-O Be6 12. Qxd4 f6 13. Bg3 Bc5 14.
Qf4 O-O-O 15. Nc3 Rd4 16. Qxc7+ Qxc7 17. Bxc7 Kxc7 18. Nb5+ Kc6 19. Nxd4+ Bxd4
20. c3 Be5 21. Rfe1 g5 22. b3 a5 23. Rad1 a4 24. c4 axb3 25. axb3 Ra8 26. h4 g4
27. Re3 Ra2 28. g3 Kc7 29. Red3 Rb2 30. R1d2 Rb1+ 31. Rd1 Rb2 32. R1d2 Rb1+ 33.
Rd1 Bf5 34. Rxb1 Bxd3 35. Re1 Kc6 36. Re3 Bf5 37. Kg2 Kc5 38. f4 gxf3+ 39. Kxf3
h5 40. Ke2 Kd4 41. Kd2 b6 42. Rc3 Be4 43. b4 Bd6 44. c5 bxc5 45. bxc5 Bxc5 46.
Rb3 Bd5 47. Re3 Be4 48. Rb3 Bd6 49. Ke2 Ke5 50. Rb5+ Bd5 51. Kf2 Ke4 52. Kg2
Be5 53. Kh2 Kd4 54. Ra5 Be4 55. Ra3 Bd3 56. Kg2 Ke3 57. Rb3 Ke2 58. Ra3 Be4+
59. Kh2 Kf2 60. Ra2+ Kf3 61. Ra3+ Kg4 62. Rb3 f5 63. Ra3 f4 64. gxf4 Bxf4+ 65.
Kg1 Bg3 66. Ra4 Kf4 67. Rxe4+ 1/2-1/2

[Event "4NCL/Div4/ANGA vs. NOTT1"]
[Site "Sunningdale ENG"]
[Date "2007.05.28"]
[Round "11.3"]
[White "Munson, Shaun D"]
[Black "Levens, David"]
[Result "1-0"]
[WhiteElo "2196"]
[BlackElo "2085"]
[PlyCount "31"]
[EventDate "2007.05.28"]
[EventType "team"]
[EventRounds "11"]
[EventCountry "ENG"]
[WhiteTeam "Ang Avengers"]
[BlackTeam "Notts 1"]

1. d4 d5 2. Bg5 Nf6 3. e3 Bf5 4. Bd3 Bg6 5. Ne2 Nbd7 6. Nf4 c5 7. dxc5 e6 8.
Bb5 Qa5+ 9. Nc3 Ne4 10. Bxd7+ Kxd7 11. Nfxd5 exd5 12. Qxd5+ Kc8 13. O-O-O Nxg5
14. Qd7+ Kb8 15. Qe8+ Kc7 16. Nd5# 1-0

[Event "4NCL/Div4/ANGA vs. NOTT1"]
[Site "Sunningdale ENG"]
[Date "2007.05.28"]
[Round "11.4"]
[White "Truman, Richard G"]
[Black "Gregory, Stephen J"]
[Result "0-1"]
[WhiteElo "2030"]
[BlackElo "2139"]
[PlyCount "188"]
[EventDate "2007.05.28"]
[EventType "team"]
[EventRounds "11"]
[EventCountry "ENG"]
[WhiteTeam "Notts 1"]
[BlackTeam "Ang Avengers"]

1. d4 Nf6 2. c4 Nc6 3. Nf3 d6 4. Nc3 e5 5. d5 Ne7 6. e4 Ng6 7. Be2 Be7 8. O-O
O-O 9. Ne1 c6 10. Nd3 cxd5 11. cxd5 Bd7 12. Be3 Ne8 13. Qb3 Bc8 14. Nb5 Bg5 15.
f4 exf4 16. Bxa7 Nf6 17. Bf3 Bg4 18. Rae1 Bxf3 19. Rxf3 Re8 20. Qb4 Bh4 21. g3
fxg3 22. hxg3 Bg5 23. a3 Ng4 24. Bd4 N6e5 25. Nxe5 dxe5 26. Bc5 b6 27. Bf2 Be7
28. d6 Bf8 29. Rd1 Nxf2 30. Rxf2 Qg5 31. Kg2 Re6 32. Qc4 Rd8 33. Nc7 Rf6 34.
Rxf6 gxf6 35. Nb5 Qg4 36. Rd2 f5 37. Qb4 fxe4 38. Rf2 Qg6 39. Rd2 e3 40. Rd5 h5
41. Rxe5 Bxd6 42. Nxd6 Rxd6 43. Re8+ Kh7 44. Rxe3 Qc2+ 45. Kh3 Qf5+ 46. Kg2 Rc6
47. Re2 Qd5+ 48. Kh2 Rc1 49. Qe4+ Qxe4 50. Rxe4 Rc2+ 51. Kh3 Rxb2 52. a4 Kg6
53. Re3 Kf5 54. Ra3 Ke4 55. a5 bxa5 56. Rxa5 f5 57. Ra4+ Ke5 58. Ra5+ Kf6 59.
Ra6+ Kg5 60. Ra8 Rb6 61. Ra4 Rc6 62. Ra8 Rh6 63. Rg8+ Kf6 64. Ra8 Rh7 65. Ra4
Rg7 66. Ra6+ Kg5 67. Ra4 Rg6 68. Rb4 Rh6 69. Ra4 Rc6 70. Ra8 Rc3 71. Rg8+ Kf6
72. Rf8+ Ke5 73. Kh4 Ra3 74. Re8+ Kd4 75. Rf8 Ke4 76. Re8+ Kf3 77. Rf8 Ra5 78.
Kxh5 Kxg3 79. Rg8+ Kf3 80. Rf8 f4+ 81. Kh4 Ra4 82. Rb8 Rc4 83. Kh3 Kf2 84. Kh2
f3 85. Kh3 Re4 86. Rb2+ Kf1 87. Rb1+ Re1 88. Rb2 Re2 89. Rb1+ Re1 90. Rb2 f2
91. Kg3 Re3+ 92. Kh2 Rd3 93. Ra2 Ke1 94. Ra1+ Rd1 0-1

[Event "4NCL/Div4/ANGA vs. NOTT1"]
[Site "Sunningdale ENG"]
[Date "2007.05.28"]
[Round "11.5"]
[White "Wallis, Ian"]
[Black "Webster, Richard J"]
[Result "1/2-1/2"]
[WhiteElo "2075"]
[BlackElo "1984"]
[PlyCount "55"]
[EventDate "2007.05.28"]
[EventType "team"]
[EventRounds "11"]
[EventCountry "ENG"]
[WhiteTeam "Ang Avengers"]
[BlackTeam "Notts 1"]

1. e4 e6 2. d4 d5 3. e5 c5 4. c3 Nc6 5. Be3 Bd7 6. Nf3 cxd4 7. cxd4 Bb4+ 8. Nc3
Nge7 9. Bd3 Rc8 10. O-O Bxc3 11. bxc3 Na5 12. Qc2 Nc4 13. Nd2 Na3 14. Qb3 Qa5
15. Rfc1 b5 16. Nf3 O-O 17. Qd1 Nc4 18. Bf4 Ng6 19. Bg3 Nb2 20. Qd2 Nxd3 21.
Qxd3 Rc7 22. Rc2 Rfc8 23. Rac1 Qa3 24. Qd2 Qa4 25. h4 h6 26. h5 Nf8 27. Bf4 b4
28. Kh2 1/2-1/2

[Event "4NCL/Div4/ANGA vs. NOTT1"]
[Site "Sunningdale ENG"]
[Date "2007.05.28"]
[Round "11.6"]
[White "Burke, Steven J"]
[Black "Gray, Mark S"]
[Result "1-0"]
[WhiteElo "2055"]
[BlackElo "2095"]
[PlyCount "115"]
[EventDate "2007.05.28"]
[EventType "team"]
[EventRounds "11"]
[EventCountry "ENG"]
[WhiteTeam "Notts 1"]
[BlackTeam "Ang Avengers"]

1. d4 Nf6 2. f3 d5 3. e4 dxe4 4. Nc3 Bf5 5. g4 Bg6 6. g5 Nd5 7. Nxe4 e6 8. c3
Nd7 9. h4 h5 10. Ne2 c6 11. Nf4 Nxf4 12. Bxf4 Nb6 13. Qd2 Qd5 14. Qe2 O-O-O 15.
Nd2 Bd6 16. Bxd6 Qxd6 17. O-O-O Qd5 18. b3 Rhe8 19. Kb2 Qa5 20. Nc4 Nxc4+ 21.
Qxc4 e5 22. Bh3+ Kb8 23. Qc5 Qxc5 24. dxc5 Rd5 25. Rxd5 cxd5 26. Re1 Bd3 27.
Kc1 Kc7 28. f4 e4 29. Kd2 Kc6 30. b4 a5 31. a3 {=} Ra8 32. Ke3 axb4 33. axb4
Ra2 34. Kd4 Rh2 35. Re3 Rf2 36. Ke5 Rf3 37. Rxf3 exf3 38. Kd4 Be4 39. Bf1 Bc2 {
=} 40. c4 dxc4 41. Bxc4 f6 42. Bd5+ Kc7 43. Bxf3 Bg6 44. gxf6 gxf6 45. b5 b6
46. cxb6+ Kxb6 47. Kd5 Kxb5 48. Ke6 Kc5 49. Kxf6 Be8 50. Ke5 Bf7 51. f5 Be8 52.
Bd5 Kb6 53. Kd6 Ka7 54. f6 Kb8 55. f7 Bxf7 56. Bxf7 Kc8 57. Bxh5 Kd8 58. Bf7
1-0

[Event "4NCL/Div4/FCA2 vs. ATH1"]
[Site "Sunningdale ENG"]
[Date "2007.05.28"]
[Round "11.1"]
[White "Fraser-Mitchell, Jeremy"]
[Black "Quinn, John M"]
[Result "1/2-1/2"]
[WhiteElo "2084"]
[BlackElo "2142"]
[PlyCount "127"]
[EventDate "2007.05.28"]
[EventType "team"]
[EventRounds "11"]
[EventCountry "ENG"]
[WhiteTeam "FCA Solutions 2"]
[BlackTeam "Athenaeum 1"]

1. d4 Nf6 2. c4 c5 3. d5 b5 4. cxb5 a6 5. Nc3 d6 6. e4 g6 7. Nf3 Bg7 8. a4 O-O
9. Bd2 Bb7 10. Bc4 Nbd7 11. O-O Nb6 12. Bd3 axb5 13. Bxb5 Ba6 14. Bxa6 Rxa6 15.
Qe2 Qa8 16. Ra3 Qb7 17. Rb1 Rfa8 18. Rba1 Ng4 19. h3 Ne5 20. Nxe5 Bxe5 21. f4
Bd4+ 22. Kh2 Nd7 23. R1a2 Rb6 24. Nb5 Bg7 25. Qc4 Nf6 26. Rb3 Qd7 27. Be3 Rab8
28. Rd3 R6b7 29. b3 Ne8 30. Re2 f5 31. Bd2 Nf6 32. e5 Ne4 33. Rxe4 fxe4 34.
Qxe4 Rxb5 35. axb5 Rxb5 36. exd6 exd6 37. Qe6+ Qxe6 38. dxe6 Bf8 39. f5 Be7 40.
fxg6 hxg6 41. Bf4 Rb6 42. Kg3 Kg7 43. h4 d5 44. Rxd5 Rxe6 45. Re5 Kf7 46. Kg4
Rb6 47. Re3 Rb4 48. g3 c4 49. bxc4 Rxc4 {=} 50. Kh3 Ra4 51. Rb3 Ke6 52. Rb6+
Kf5 53. Bc1 Rc4 54. Bb2 Rb4 55. g4+ Ke4 56. Rxb4+ Bxb4 57. Bg7 Bd2 58. Kg3 Be1+
59. Kh3 Bd2 60. Bf6 Bc1 61. Kg3 Bf4+ 62. Kf2 Be3+ 63. Ke2 Bf4 64. h5 1/2-1/2

[Event "4NCL/Div4/FCA2 vs. ATH1"]
[Site "Sunningdale ENG"]
[Date "2007.05.28"]
[Round "11.2"]
[White "Wade, Robert G"]
[Black "Kendall, Paul S N"]
[Result "1-0"]
[WhiteElo "2155"]
[BlackElo "2065"]
[PlyCount "61"]
[EventDate "2007.05.28"]
[EventType "team"]
[EventRounds "11"]
[EventCountry "ENG"]
[WhiteTeam "Athenaeum 1"]
[BlackTeam "FCA Solutions 2"]

1. d4 Nf6 2. Nc3 d5 3. Bg5 e6 4. e4 dxe4 5. Nxe4 Be7 6. Bxf6 Bxf6 7. Nf3 Nd7 8.
c3 Be7 9. Bd3 Nf6 10. Qe2 O-O 11. Nxf6+ Bxf6 12. h4 e5 13. dxe5 Re8 14. O-O-O
Bd7 15. Bxh7+ Kxh7 16. Qd3+ Kg8 17. exf6 Bc6 18. Qxd8 Raxd8 19. Nd4 Be4 20. f3
Bh7 21. fxg7 a6 22. Rhe1 Kxg7 23. Rxe8 Rxe8 24. Kd2 c5 25. Nb3 c4 26. Nd4 Re5
27. Re1 Rh5 28. g3 Rd5 29. Re7 b5 30. Ra7 Rd6 31. Ke3 1-0

[Event "4NCL/Div4/FCA2 vs. ATH1"]
[Site "Sunningdale ENG"]
[Date "2007.05.28"]
[Round "11.3"]
[White "Adebajo, Femi"]
[Black "Gruettner, Ralf"]
[Result "0-1"]
[WhiteElo "2046"]
[BlackElo "2050"]
[PlyCount "50"]
[EventDate "2007.05.28"]
[EventType "team"]
[EventRounds "11"]
[EventCountry "ENG"]
[WhiteTeam "FCA Solutions 2"]
[BlackTeam "Athenaeum 1"]

1. d4 Nf6 2. Bg5 c5 3. d5 e5 4. Bxf6 Qxf6 5. c4 d6 6. Nc3 Nd7 7. e3 Qd8 8. Nge2
f5 9. Qc2 Nf6 10. Ng3 g6 11. Be2 Bh6 12. O-O O-O 13. a3 f4 14. exf4 exf4 15.
Nge4 Nxe4 16. Nxe4 Bf5 17. f3 Bg7 18. Rad1 Qh4 19. Bd3 Bxe4 20. Bxe4 Rae8 21.
b4 b6 22. bxc5 bxc5 23. Rb1 Bd4+ 24. Kh1 Re5 25. Rb7 Qxh2+ 0-1

[Event "4NCL/Div4/FCA2 vs. ATH1"]
[Site "Sunningdale ENG"]
[Date "2007.05.28"]
[Round "11.4"]
[White "McKeown, Paul"]
[Black "Valentine, Brian J"]
[Result "1-0"]
[WhiteElo "2074"]
[BlackElo "1995"]
[PlyCount "148"]
[EventDate "2007.05.28"]
[EventType "team"]
[EventRounds "11"]
[EventCountry "ENG"]
[WhiteTeam "Athenaeum 1"]
[BlackTeam "FCA Solutions 2"]

1. d4 d5 2. c4 c6 3. Nc3 Nf6 4. Nf3 dxc4 5. e4 b5 6. e5 Nd5 7. Be2 e6 8. O-O
Be7 9. Ne4 h6 10. b3 c3 11. a3 Bb7 12. Qc2 Nd7 13. Nxc3 Nxc3 14. Qxc3 Nb6 15.
b4 Nd5 16. Qb3 O-O 17. Bd2 Qd7 18. Rfd1 Rfd8 19. Be1 Bf8 20. Rac1 Rac8 21. Bf1
Qe7 22. Ra1 Nb6 23. h3 Rd7 24. Bc3 Rcd8 25. Nd2 Na4 26. Ne4 Nxc3 27. Qxc3 Qh4
28. f3 Be7 29. Be2 f5 30. Nc5 Bxc5 31. dxc5 Rxd1+ 32. Rxd1 Rxd1+ 33. Bxd1 Qd8
34. Bb3 Kf7 35. f4 Bc8 36. g3 Ke7 37. Kf2 Qd7 38. Ke3 Kd8 39. Qe1 Kc7 40. Qa1
Kd8 41. Qh1 Kc7 42. Qf3 Qd8 43. Qh5 Qd7 44. g4 fxg4 45. hxg4 a5 46. Qh1 axb4
47. axb4 Kd8 48. Qe4 Ke7 49. Qh7 Kd8 50. Qg8+ Kc7 51. Qf8 Kb7 52. Qd6 Qe8 53.
Bc2 Qf7 54. Be4 Bd7 55. Qd3 Be8 56. Qxb5+ Kc8 57. Qa6+ Kb8 58. Qc4 Qe7 59. Qf1
Qh4 60. Bf3 g5 61. Qd1 gxf4+ 62. Ke2 Qe7 63. Qd6+ Qxd6 64. cxd6 Kc8 65. Be4 h5
66. Kf3 hxg4+ 67. Kxf4 Kd7 68. Kxg4 Bf7 69. Kg5 Be8 70. Bg6 Bxg6 71. Kxg6 Ke8
72. Kf6 Kd7 73. Kf7 Kd8 74. Kxe6 Ke8 1-0

[Event "4NCL/Div4/FCA2 vs. ATH1"]
[Site "Sunningdale ENG"]
[Date "2007.05.28"]
[Round "11.5"]
[White "Majer, Chris E"]
[Black "Fulton, Anthony R"]
[Result "1-0"]
[WhiteElo "2036"]
[BlackElo "2105"]
[PlyCount "103"]
[EventDate "2007.05.28"]
[EventType "team"]
[EventRounds "11"]
[EventCountry "ENG"]
[WhiteTeam "FCA Solutions 2"]
[BlackTeam "Athenaeum 1"]

1. e4 e6 2. d4 d5 3. e5 c5 4. c3 Nc6 5. Nf3 Qb6 6. Bd3 Bd7 7. O-O Be7 8. dxc5
Qc7 9. Bf4 Bxc5 10. b4 Be7 11. Nbd2 h5 12. Nb3 g5 13. Nxg5 Bxg5 14. Bxg5 Qxe5
15. Be3 Qg7 16. Nc5 Nf6 17. Nxb7 Rg8 18. g3 Ne5 19. Nd6+ Kd8 20. Be2 h4 21. Bd4
Nc6 22. Bc5 Ne8 23. Qa4 Nxd6 24. Bxd6 Ne5 25. Qa5+ Ke8 26. b5 Rc8 27. Rac1 Nc4
28. Bxc4 Rxc4 29. Qxa7 Qg5 30. b6 hxg3 31. Bxg3 Qf4 32. b7 Ke7 33. b8=Q Qxb8
34. Qxb8 Rxb8 35. Bxb8 Rg4+ 36. Bg3 Ra4 37. Rc2 Bb5 38. Re1 Bc4 39. Be5 f6 40.
Bd4 e5 41. f4 e4 42. Kf2 Ke6 43. Ke3 Ra8 44. Rg2 Rh8 45. Rh1 Rh3+ 46. Rg3 Rh6
47. a4 Kf5 48. h3 Rh8 49. a5 Bd3 50. Rg7 Rb8 51. Rf7 Rb2 52. Rxf6# 1-0

[Event "4NCL/Div4/FCA2 vs. ATH1"]
[Site "Sunningdale ENG"]
[Date "2007.05.28"]
[Round "11.6"]
[White "McGovern, Derek P"]
[Black "Shaw, John S"]
[Result "0-1"]
[WhiteElo "1985"]
[BlackElo "1895"]
[PlyCount "64"]
[EventDate "2007.05.28"]
[EventType "team"]
[EventRounds "11"]
[EventCountry "ENG"]
[WhiteTeam "Athenaeum 1"]
[BlackTeam "FCA Solutions 2"]

1. e4 c5 2. Nf3 Nc6 3. d4 cxd4 4. Nxd4 Nf6 5. Nc3 e5 6. Ndb5 d6 7. Bg5 a6 8.
Na3 b5 9. Bxf6 gxf6 10. Nd5 Bg7 11. c3 f5 12. exf5 Bxf5 13. Qf3 Be6 14. Nf6+
Bxf6 15. Qxc6+ Ke7 16. Rd1 d5 17. Qc5+ Qd6 18. Qxd6+ Kxd6 19. c4 bxc4 20. Bxc4
d4 21. Bxe6 Kxe6 {=} 22. Ke2 Rac8 23. Rc1 e4 24. b3 d3+ 25. Kd1 Rxc1+ 26. Kxc1
Rc8+ 27. Nc4 Bd4 28. Re1 f5 29. Kd2 Bxf2 30. Rf1 Bc5 31. g3 Rd8 32. Rf4 e3+ 0-1

[Event "4NCL/Div4/HC vs. CELT"]
[Site "Sunningdale ENG"]
[Date "2007.05.28"]
[Round "11.1"]
[White "Tavoularis, Nicholas"]
[Black "Wipperman, Till"]
[Result "0-1"]
[WhiteElo "2265"]
[BlackElo "2422"]
[PlyCount "64"]
[EventDate "2007.05.28"]
[EventType "team"]
[EventRounds "11"]
[EventCountry "ENG"]
[WhiteTeam "H Coventry"]
[BlackTeam "Celtic Tigers"]

1. e4 c5 2. Nf3 Nc6 3. c3 Nf6 4. e5 Nd5 5. d4 cxd4 6. cxd4 d6 7. Bc4 Nb6 8. Bb5
Bd7 9. exd6 e6 10. O-O Bxd6 11. Nc3 O-O 12. d5 exd5 13. Nxd5 Nxd5 14. Qxd5 Be6
15. Qh5 Qf6 16. Be3 Ne5 17. Nd4 Ng4 18. Nxe6 Qxe6 19. Rfe1 g6 20. Qh3 Bxh2+ 21.
Kh1 Bf4 22. Bd4 Qd5 23. Qxg4 Qxd4 24. Qe2 Bd6 25. g3 a6 26. Rad1 Qf6 27. Bc4
Bb4 28. Rf1 Rae8 29. Qd3 b5 30. Qb3 Bc5 31. Bd3 Qf3+ 32. Kh2 Re5 0-1